| 000 | 01012nam a2200277 i 4500 | ||
|---|---|---|---|
| 001 | 22902 | ||
| 003 | KOSZ 005 | ||
| 005 | 20200423133000.0 | ||
| 008 | 991116s1982 pl d |000 0 pol | ||
| 015 | _aPB 1982/9134 | ||
| 020 | _a83214000647 | ||
| 035 | _a(OCoLC)830292321 | ||
| 040 |
_aWA N _cWA N _dKOSZ 005/HR |
||
| 041 | 0 |
_apol _aeng |
|
| 080 | _a811.133.1:811.162.1'374 | ||
| 245 | 0 | 0 |
_aWielki słownik francusko-polski = _bGrand dictionnaire français-polonais. _nT. 2, _pM-Z / _c[oprac. Stefania Ciesielska-Borkowska et al.]. |
| 260 |
_aWarszawa : _b"Wiedza Powszechna", _c1982. |
||
| 300 |
_a1173 s. ; _c24 cm. |
||
| 380 | _aKsiążki | ||
| 658 | _aJęzykoznawstwo | ||
| 655 | 4 | _aSłownik francusko-polski | |
| 700 | 1 |
_aCiesielska-Borkowska, Stefania _d(1889-1966). _eOpracowanie |
|
| 710 | 2 |
_aPaństwowe Wydawnictwo Wiedza Powszechna _4pbl. |
|
| 856 |
_uhttp://koha.tu.koszalin.pl/cgi-bin/koha/opac-detail.pl?biblionumber=22902 _yKatalog online BPK |
||
| 942 |
_2UKD _cKS |
||
| 999 |
_c22902 _d22902 |
||